000 01686nam a2200409 c 4500
999 _c187701
_d187701
003 BLK
005 20240611095510.0
008 180411b bul|||||r ||||||| ||bul||
010 _aKNG00196718000
020 _a978-619-153-121-9
040 _aBLK
041 _aBUL
_cBUL
072 7 _2bullib
_aН39
_xЕтнология. Фолклористика Н
080 _aСоциални изследвания на жени. Жените и обществото
_b305-055.2
_x(410)(091)
_z305-055.2(410)(091)
100 1 _aКоути, Екатерина
_eпърви автор
_983472
139 _aКоути, Екатерина и др.
_bК 87
245 1 0 _aЖените на викторианска Англия - от идеала до порока
_cЕкатерина Коути; съавт. Кари Гринберг; прев. Лидия Михайлова Шведова.
257 _aGBR
260 _bПаритет
_c2016
300 _a304 с.
_bс ил.
_c21 см
380 _a3
500 _aБез сведение за ориг. загл. - Библиогр. с. 298-302.
650 4 _aЖени - Великобритания
_9276335
651 4 _aВеликобритания
_9178698
653 _aжени
653 _aХІХ в.
659 _aН
700 1 _aГринберг, Кари
_eсъавт.
_9344410
700 1 _aШведова, Лидия Михайлова
_eпрев.
_9364992
852 _aЦб 283286
856 4 _qpdf
856 4 _qpdf
942 _cKNG
_n0
_s1
_03
944 _aCR
_c23.11.2016
_lМинев Младен
_k30530
944 _aED
_c31.05.2017
_lф /
_kПенка_Димитрова
999 _d187701